|
|
|
|
| LEADER |
00000ny a22000003n 4500 |
| 005 |
20110517125138.0 |
| 008 |
100909s2010 bl 000 0 por d |
| 022 |
|
|
|a 1980-9484
|
| 035 |
|
|
|a 4992
|
| 040 |
|
|
|a BUS
|d vLex
|
| 080 |
|
|
|a 341(05)
|
| 090 |
|
|
|c 2020
|d 2020
|
| 245 |
0 |
0 |
|a Anur̉io Brasileiro de Direito Internacional
|h [Recurso electrn̤ico]
|
| 256 |
|
|
|a Servicio en ln̕ea
|
| 260 |
|
|
|a Rio de Janeiro :
|b Centro de Direito Internacional
|
| 310 |
|
|
|a Anual
|
| 506 |
1 |
|
|a Contenido solo disponible en los productos indicados
|d vLex Global
|d vLex Global (Academic Edition, excluding Law Schools)
|d vLex Global (U.S. Academic Edition, Law Schools)
|d vLex Global (U.S. Academic Edition, excluding Law Schools)
|d vLex Global (Academic Edition, Law Schools)
|
| 650 |
0 |
4 |
|a Derecho internacional privado
|2 Tesauro vLex
|
| 650 |
0 |
4 |
|a Derecho internacional pb︢lico
|2 Tesauro vLex
|
| 650 |
0 |
4 |
|a Derecho extranjero
|2 Tesauro vLex
|
| 650 |
0 |
4 |
|a Derecho internacional
|2 Tesauro vLex
|
| 740 |
0 |
|
|a vLex Revista (Servicios en ln̕ea)
|
| 843 |
|
|
|a Electrn̤ica. Abierta
|
| 853 |
|
|
|8 1
|i (year)
|j (month)
|k (day)
|
| 856 |
4 |
0 |
|u http://vlex.com/source/4992
|z Acceso restringido
|
| 942 |
|
|
|c REV
|